01135nam a2200253 a 4500001001000000003000500010005001700015008004100032010001100073011001100084040000900095100004300104245020800147260004100355500006000396502009800456502009600554650003900650650002100689650004100710650002400751700003600775856007000811000115961CHAP20220329144555.0190822s2019 mx a sm |||||||spa d a112422 a113394 cCHAP1 aAquino Venegas, Mónica Concepción.10aEvaluación de híbridos comerciales y experimentales de maíz forrajero (Zea mays L.) en Tlahualilo, Durango /h[En línea]cpor Mónica Concepción Aquino Venegas y Gerardo Miguel Corral Morones. aChapingo, Méx. :bEl autor,c2019. aPara ver el contenido del material haga clic en la liga aTesis (Ing. en Sistemas Agrícolas) -- UACH. Unidad Regional Universitaria de Zonas Áridas aTesis (Ing. en Sistemas Pecuarios) -- UACH. Unidad Regional Universitaria de Zonas Áridas14aMaíz como forrajexIrrigación.14aMaízxCalidad.14aMaízxFisiología y morfología.14aMaízxHíbridos.1 aCorral Morones, Gerardo Miguel. aFinding aiduhttp://10.13.5.2/tesis/sist115961.pdfzTeclea aquí